000 00787nam a22002177a 4500
005 20100813114233.0
010 _aENG-100205
020 _c150.00
035 _aEN-83737
037 _bDBAD/PUB
082 _a370
100 _aSeetaramaiah, Vavilala
_912385
245 _aEducation, development and culture /
_cby Vavilala Seetaramaiah ; edited and compiled by A. Prasanna Kumar
260 _aVisakhapatnam
_bCentre for Policy Studies
_c2009
270 _a47-7-23, 4th Lane, Dwarakanagar,
_bVisakhapatnam
_e530016
300 _aviii,404p.
_c21cm (pbk)
650 _aEducation
_912386
700 _aPrasanna Kumar, A.
_912387
942 _2ddc
_cEN
_h370
_mSEE
999 _c41532
_d41532